| 000 | 01032aaa a2200289 4500 | ||
|---|---|---|---|
| 003 | OSt | ||
| 005 | 20250424142530.0 | ||
| 007 | ta | ||
| 008 | 230204s2014 mx a||||||||| 001 0 spa d | ||
| 020 | _a9786071718945 | ||
| 040 | _cCHAP | ||
| 082 | 0 | 0 |
_222 _a631.55 _bC83 2014 |
| 245 | 0 | 0 |
_aCosechadoras de forrajes / _cbasado en el trabajo de Johan D. Berlijn ; colaboración Pieter M. Rijt...[y otros tres] |
| 250 | _aSegunda edición. | ||
| 264 | 1 |
_aMéxico : _bTrillas, _c2014. |
|
| 300 |
_a104 páginas : _bIlustraciones |
||
| 490 | 1 |
_aManuales para educación agropecuaria _vMecánica agrícola |
|
| 504 | _aBibliografía página 104. | ||
| 650 | 4 |
_9137264 _aMaquinaria agrícola _xManuales |
|
| 650 | 3 |
_aCosechadoras de forrajes _9137262 |
|
| 650 | 4 |
_9137263 _aEmpacadoras _xManuales |
|
| 650 | 4 |
_9137265 _aSegadoras _x Manuales |
|
| 700 | 1 |
_911826 _aBerlijn, Johan D. |
|
| 700 | 1 |
_9187504 _aRijt, Pieter M. _ecolaborador. |
|
| 830 | 0 |
_9142161 _aManuales para educación agropecuaria _vMecánica agrícola |
|
| 942 |
_cLibro _2ddc |
||
| 999 |
_c218248 _d218248 |
||